000 00518cam a22002171 4500
001 sa 68003535
003 DLC
005 20260227112453.0
008 941010q19581959np 000 0 newo
010 _asa 68003535
025 _aPL480:N-477
035 _a(OCoLC)31253104
040 _aDLC
_cCU
_dCU
_dDLC
042 _apremarc
050 0 0 _aPL3801.N59
_bV3
100 1 _aVajracharya, Phanindra Ratna,
_d1931-
245 1 0 _aCuli.
260 _c[1958 or 9]
300 _a2, 94 p.
_c18 cm.
500 _aIn Newari.
999 _c79556
_d79556